| 000 | 00348nam a2200145Ia 4500 | ||
|---|---|---|---|
| 008 | 230917s9999||||xx |||||||||||||| ||und|| | ||
| 040 |
_e73077 _aMAIN |
||
| 041 | _aEnglish | ||
| 082 | _a658 C349M | ||
| 100 | _aChakraborty, S K | ||
| 245 | 0 | _aManagement by objectives | |
| 260 |
_aDelhi _bMacmillan _c1976 |
||
| 300 | _axiv, 396 p. | ||
| 942 | _cBK | ||
| 999 |
_c217689 _d217689 |
||